西北考察记 (Record no. 36574)

000 -LEADER
fixed length control field 00469nam a22001817a 4500
003 - CONTROL NUMBER IDENTIFIER
control field MPLRDC
005 - DATE AND TIME OF LATEST TRANSACTION
control field 20220104143108.0
008 - FIXED-LENGTH DATA ELEMENTS--GENERAL INFORMATION
fixed length control field 210129b ||||| |||| 00| 0 eng d
082 ## - DEWEY DECIMAL CLASSIFICATION NUMBER
Classification number 676 DLSZ
100 ## - MAIN ENTRY--PERSONAL NAME
Personal name 地理知识编辑部
245 ## - TITLE STATEMENT
Title 西北考察记
Statement of responsibility, etc.
250 ## - EDITION STATEMENT
Edition statement 一版一刷
260 ## - PUBLICATION, DISTRIBUTION, ETC.
Place of publication, distribution, etc.
Name of publisher, distributor, etc. 陕西人民出版社
Date of publication, distribution, etc. 1987
300 ## - PHYSICAL DESCRIPTION
Other physical details
490 ## - SERIES STATEMENT
Series statement 中国的大西北丛书
650 ## - SUBJECT ADDED ENTRY--TOPICAL TERM
Topical term or geographic name entry element 中国地方志--西疆、西域
942 ## - ADDED ENTRY ELEMENTS (KOHA)
Koha item type Book
-- 676 DLSZ
Holdings
Withdrawn status Lost status Source of classification or shelving scheme Damaged status Not for loan Collection code Home library Current library Shelving location Date acquired Cost, normal purchase price Total Checkouts Full call number Barcode Date last seen Date last checked out Price effective from Koha item type Public note
            Malaysian Public Library, Research and Development Centre Malaysian Public Library, Research and Development Centre   10/12/2007 9.50   676 DLSZ 00036696 18/03/2021 21/09/2018 18/03/2021 Book mplrdc

© 2022. Malaysian Public Library, Research and Development Centre. All Right ReservedE-mailmplrdc@help.edu.my 

Powered by Koha